Statistics for D.I.C.E. Game of the Year

Click here to take the quiz!

General Stats

  • This quiz has been taken 13 times
  • The average score is 7 of 22

Answer Stats

YearGenreAnswer% Correct
2002First-person shooterBattlefield 1942
82%
2003First-person shooterCall of Duty
64%
2017Action-adventureThe Legend of Zelda: Breath of the Wild
55%
1999Life simulationThe Sims
55%
2011Action role-playingThe Elder Scrolls V: Skyrim
45%
1998Action-adventureThe Legend of Zelda: Ocarina of Time
45%
2000Action role-playingDiablo II
36%
2015Action role-playingFallout 4
36%
1997First-person shooterGoldenEye 007
36%
2010Action role-playingMass Effect 2
36%
2009Action-adventureUncharted 2: Among Thieves
36%
2014Action role-playingDragon Age: Inquisition
27%
2016First-person shooterOverwatch
27%
2013Action-adventureThe Last of Us
27%
2007First-person shooterCall of Duty 4: Modern Warfare
18%
2018Action-adventureGod of War
18%
2005Action-adventureGod of War
18%
2004First-person shooterHalf-Life 2
18%
2001First-person shooterHalo: Combat Evolved
18%
2012AdventureJourney
18%
2006Third-person shooterGears of War
9%
2008Puzzle-platformerLittleBigPlanet
9%

Score Distribution

Percentile by Number Answered

Percent of People with Each Score

Your Score History

You have not taken this quiz